Responses for Show #4232 - Tuesday, January 14, 2003

Contestants

[<< previous game]

Penny Frisbie, a systems engineer from Raleigh, North Carolina

Rich Levine, a software process engineer from Chandler, Arizona

Kathleen Ellis, a registered nurse from Red Oak, Texas (whose 2-day cash winnings total $43,501)

[next game >>]

Jeopardy! Round responses

BUTTERFLIES & MOTHS
(Alex: How exciting!)
IT'S THE LITTLE THINGS
BESTSELLERS
COUNTRY COOKING
(Alex: You have to identify the country associated with each dish we give you.)
TV CARTOONS
THE "IGHT" STUFF
    $200 26
silk

Rich
    $200 16
pebbles

Kathleen
    $200 11
Jacqueline Kennedy

Rich
    $200 6
Japan

Rich
    $200 1
The Flintstones

Kathleen
    $200 21
sight

Kathleen
    $400 27
hummingbirds

Rich
    $2,000 17
paper clips

Kathleen
    $400 12
Rosie O'Donnell

Triple Stumper
    $400 7
Hungary

Kathleen
    $400 2
Rugrats

Kathleen
    $400 22
tight

Rich
    $600 28
antennae

Triple Stumper
    $600 18
crochet

Rich
    $600 13
a Warm Puppy

Kathleen
    $600 8
Germany

Kathleen
    $600 3
Beavis and Butt-head

Rich
    $600 23
the night

Kathleen
    $800 29
skipper

Rich
    $800 19
nib

Kathleen
    $800 14
"Tuesdays with Morrie"

Kathleen
    $800 9
Italy

Rich
    $800 4
Arthur

Kathleen
    $800 24
(Kathleen: What is night?)

"(Let there be) light"

KathleenRich
    $1000 30
(Rich: What is tail?)
...
(Alex: We were going for a specific kind of tail.)

swallowtail

Rich
Triple Stumper
    $1000 20
ball bearing

Kathleen
    $1000 15
James Herriot

Penny
    $1000 10
Greece

Rich
    $1000 5
Josie and the Pussycats

Triple Stumper
    $1000 25
"(It) might (have been)"

Triple Stumper

Scores at the first commercial break (after clue 15):

Kathleen Rich Penny
$3,800 $2,800 $1,000

Scores at the end of the Jeopardy! Round:

Kathleen Rich Penny
$7,800 $5,000 $1,000

Double Jeopardy! Round responses

ISLANDS
THE OLYMPICS
LET'S MONKEY AROUND
AMERICAN DRAMATISTS
FIRST LADIES
NOISES IN THE DICTIONARY
    $400 1
Formosa

Kathleen
    $400 16
Munich & Montreal

Rich
    $400 19
tail

Rich
    $400 24
(Rich: Who is Tom Wolfe?)

Sam Shepard

Rich
Triple Stumper
    $400 6
Barbara Bush

Rich
    $400 11
oompah

Rich
    $800 2
Okinawa

Kathleen
    $800 17
biathlon

Kathleen
    $800 20
monkey bars

Kathleen
    $800 26
David Mamet

Kathleen
    $800 7
Bess Truman

Kathleen
    $800 12
clink

Rich
    $1200 3
Elba

Kathleen
    $1,000 18
London

Kathleen
    $1200 21
Salma Hayek

Rich
    $1200 27
August Wilson

Triple Stumper
    $13,000 8
(Alex: Would you like to bet it all? I asked you this yesterday.)

geology

Kathleen
    $1200 13
beep

Triple Stumper
    $1600 4
(Penny: What is the North Sea?)

Baltic Sea

Penny
Triple Stumper
    $1600 25
Cool Runnings

Kathleen
    $1600 22
(Rich: What is a banana?)

monkey bread

Rich
Triple Stumper
    $1600 28
(Penny: Who is Agee?)

William Inge

Penny
Triple Stumper
    $1600 9
(Penny: Who is Mary Todd Lincoln?)

Dolley Madison

Penny
Triple Stumper
    $1600 14
thump

Triple Stumper
    $2000 5
Baffin

Kathleen
    $2000 30
Mahre

Rich
    $2000 23
John Scopes

Rich
    $2000 29
Maxwell Anderson

Triple Stumper
    $2000 10
Julia

Triple Stumper
    $2000 15
were/whir

Triple Stumper

Scores at the end of the Double Jeopardy! Round:

Kathleen Rich Penny
$31,000 $10,600 -$3,800
(lock game)

[wagering suggestions for these scores]

Final Jeopardy! Round responses

LOGOS & TRADEMARKS
RichWhat is Arm & Hammer?
$10,500
KathleenWhat is Arm & Hammer
$4,000
Arm & Hammer

Final scores:

Kathleen Rich Penny
$35,000 $21,100 -$3,800
3-day champion: $78,501 2nd place: $2,000 3rd place: $1,000

Game dynamics:

Coryat scores:

Kathleen Rich Penny
$17,800 $10,600 -$3,800
24 R
(including 3 DDs),
1 W
19 R,
3 W
1 R,
3 W

Combined Coryat: $24,600

[game clues] [game scores] [suggest correction]

Game tape date: 2002-10-22
The J! Archive is created by fans, for fans. Scraping, republication, monetization, and malicious use prohibited; this site may use cookies and collect identifying information. See terms. The Jeopardy! game show and all elements thereof, including but not limited to copyright and trademark thereto, are the property of Jeopardy Productions, Inc. and are protected under law. This website is not affiliated with, sponsored by, or operated by Jeopardy Productions, Inc. Join the discussion at JBoard.tv.